|
|
|
|
| LEADER |
00710nam a22002051a 4500 |
| 020 |
|
|
|a 9788186771860
|c 0.00
|
| 040 |
|
|
|a SSUS - Library - Kalady
|
| 082 |
|
|
|a 364.095 4
|b RAN/D
|
| 100 |
|
|
|a A Ranga Reddy (ed.)
|
| 245 |
|
|
|a Dimensions of crime and corruption in India
|h [Text]
|
| 260 |
|
|
|a New Delhi
|b Serials
|c 2005
|
| 300 |
|
|
|a 695p.
|
| 600 |
|
|
|a Corruption India
|
| 600 |
|
|
|a Crime India
|
| 600 |
|
|
|a Criminology
|
| 600 |
|
|
|a Social Sciences
|
| 852 |
|
|
|k General
|h 364.95 4
|i RAN/D
|p 055152
|9 1595.00
|t 0
|
| 942 |
|
|
|c General
|
| 999 |
|
|
|c 10898
|d 10898
|
| 952 |
|
|
|0 0
|1 0
|4 0
|6 GENERAL_364_950000000000000_4_RAN_D
|7 0
|9 15930
|a SSUS
|b SSUS
|d 2015-01-08
|g 1595.00
|o General 364.95 4 RAN/D
|p 055152
|r 2015-01-08
|v 0.00
|w 2015-01-08
|y BK
|